书目信息 |
| 题名: |
居住与环境
|
|
| 作者: | 大内孝子 著 ;胡连荣 , 张伟 译 | |
| 分册: | ||
| 出版信息: | 北京 中国建筑工业出版社 2015 |
|
| 页数: | 196页 | |
| 开本: | 21cm | |
| 丛书名: | ||
| 单 册: | ||
| 中图分类: | TU241 , TS975 | |
| 科图分类: | ||
| 主题词: | 居住环境--ju zhu huan jing--环境设计 | |
| 电子资源: | ||
| ISBN: | 978-7-112-17187-3 | |
| 000 | 01322nam0 2200313 450 | |
| 001 | 0100003901 | |
| 005 | 20220915151122.51 | |
| 010 | @a978-7-112-17187-3@dCNY30.00 | |
| 100 | @a20150525d2015 em y0chiy50 ea | |
| 101 | 1 | @achi@cjpn |
| 102 | @aCN@b110000 | |
| 105 | @aa a 000yy | |
| 200 | 1 | @a居住与环境@Aju zhu yu huan jing@e住宅建设的环境因素@f(日) 大内孝子著@g胡连荣, 张伟译 |
| 210 | @a北京@c中国建筑工业出版社@d2015 | |
| 215 | @a196页@c图@d21cm | |
| 305 | @a本书据2010年日文版译出 | |
| 306 | @a本书由日本彰国社授权翻译出版 | |
| 320 | @a有书目 (第194-196页) | |
| 330 | @a本书由包括前言在内的6章内容构成,作者在前言中强调了重新考虑能源的利用,纠正无视环境安全的构筑行为,建造可持续性住房的重要性,并指出从计划阶段就要着手研究自然能源的采集、利用。第1章住房周围的环境,第2章住房的日照、日射,第3章介绍住房的自然照明与人工照明以及色彩计划,第4章住房与换气,第5章住房与热,第6章住房与声音。 | |
| 333 | @a本书适用于初学住房建设与环境设计的学生 | |
| 517 | 1 | @a住宅建设的环境因素@Azhu zhai jian she de huan jing yin su |
| 606 | 0 | @a居住环境@Aju zhu huan jing@x环境设计 |
| 690 | @aTU241@v5 | |
| 690 | @aTS975@v5 | |
| 701 | 0 | @a大内孝子@Ada nei xiao zi@4著 |
| 702 | 0 | @a胡连荣@Ahu lian rong@4译 |
| 702 | 0 | @a张伟@Azhang wei@4译 |
| 801 | 0 | @aCN@b河南城建学院图书馆@c20150831 |
| 905 | @dTU241@eD068 | |
| 居住与环境:住宅建设的环境因素/(日) 大内孝子著/胡连荣, 张伟译.-北京:中国建筑工业出版社,2015 |
| 196页:图;21cm |
| 使用对象:本书适用于初学住房建设与环境设计的学生 |
| ISBN 978-7-112-17187-3:CNY30.00 |
| 本书由包括前言在内的6章内容构成,作者在前言中强调了重新考虑能源的利用,纠正无视环境安全的构筑行为,建造可持续性住房的重要性,并指出从计划阶段就要着手研究自然能源的采集、利用。第1章住房周围的环境,第2章住房的日照、日射,第3章介绍住房的自然照明与人工照明以及色彩计划,第4章住房与换气,第5章住房与热,第6章住房与声音。 |
| ● |
| 相关链接 |
|
|
|
正题名:居住与环境
索取号:TU241/D068
 
预约/预借
| 序号 | 登录号 | 条形码 | 馆藏地/架位号 | 状态 | 备注 |
| 1 | 1178944 | 211789448 | 建筑库101/101建筑库 58排1列4层/ [索取号:TU241/D068] | 在馆 | |
| 2 | 1178945 | 211789457 | 建筑与城市规划学院资料室/101建筑库 30排3列3层/ [索取号:TU241/D068] | 在馆 | |
| 3 | 1178946 | 211789466 | 建筑库101/101建筑库 57排6列5层/ [索取号:TU241/D068] | 在馆 | |
| 4 | 1241345 | 212413459 | 建筑库101/101建筑库 58排1列4层/ [索取号:TU241/D068] | 在馆 | |
| 5 | 1241346 | 212413468 | 建筑库101/101建筑库 58排1列4层/ [索取号:TU241/D068] | 在馆 | |
| 6 | 1241347 | 212413477 | 建筑库101/101建筑库 58排1列4层/ [索取号:TU241/D068] | 在馆 | |
| 7 | 1241348 | 212413486 | 建筑库101/101建筑库 58排1列4层/ [索取号:TU241/D068] | 在馆 | |
| 8 | 1241349 | 212413495 | 建筑库101/101建筑库 58排1列4层/ [索取号:TU241/D068] | 在馆 | |
| 9 | 1241350 | 212413501 | 建筑库101/101建筑库 58排1列4层/ [索取号:TU241/D068] | 在馆 | |
| 10 | 1503787 | 215037877 | 建筑与城市规划学院资料室/ [索取号:TU241/D068] | 在馆 | |
| 11 | 1503788 | 215037886 | 建筑与城市规划学院资料室/ [索取号:TU241/D068] | 在馆 |